| 000 | 00841cas a2200229 a 4500 | ||
|---|---|---|---|
| 082 | 0 | 4 |
_a011 _bGOO |
| 245 | 1 | 0 |
_aGood reading / _cprepared by the Committee on College Reading of the National Council of Teachers of English. |
| 260 |
_aChicago, Ill. : _bThe Council, _c1934- |
||
| 300 |
_av. ; _c18-23 cm. |
||
| 490 | 0 | _a1947- : Pelican books | |
| 500 | _aA guide for college students and adult readers. | ||
| 500 | _aImprint varies. | ||
| 500 | _aIssued as: A Mentor book, <1948-> | ||
| 526 |
_a0 _b0 _c0 _d011_000000000000000_GOO |
||
| 650 | 0 |
_aBest books _949189 |
|
| 650 | 0 |
_aMCE _9379 |
|
| 710 | 2 |
_aCollege English Association. _949190 |
|
| 710 | 2 |
_aCommittee on College Reading. _949191 |
|
| 710 | 2 |
_aNational Council of Teachers of English. _949192 |
|
| 710 | 2 |
_aNational Council of Teachers of English. _949192 |
|
| 942 |
_2ddc _cBK |
||
| 999 |
_c552006 _d552006 |
||